000 00567nam a2200241 a 4500
001 nice12345678
003 IN_TiNIC
005 20260116013149.0
008 050524s1994 newa grp 000 0 eng
020 _a0883441
_c980
082 0 0 _a227.8
_bELL
100 _aElliott, Neil
245 _aLiberation Paul
260 _aNew York
_bOrbis Books
_c1994
300 _a308p
500 _aincludes index and biblioraphy
505 2 _aIndex
650 _aPauline Epistles
700 1 _aElliott, Neil
902 _bSRS
942 _cBK
999 _c9929
_d9929